Countries of Europe in Alphabetical Order - Statistics

General Stats
  • This quiz has been taken 80 times
  • The average score is 26 of 45
Answer Stats
Country % Correct
Albania
98%
Andorra
90%
Belgium
79%
Austria
76%
Belarus
71%
Croatia
71%
Denmark
71%
Estonia
71%
Finland
71%
Czechia
69%
Hungary
69%
Bosnia and Herzegovina
67%
France
67%
Germany
67%
Ireland
62%
Liechtenstein
62%
Lithuania
62%
Luxembourg
62%
Iceland
60%
Latvia
60%
Bulgaria
57%
Greece
57%
Italy
55%
Kosovo
55%
Monaco
55%
Malta
50%
Moldova
50%
Montenegro
48%
Norway
48%
Poland
48%
Romania
48%
Russia
48%
San Marino
48%
Netherlands
45%
North Macedonia
45%
Portugal
45%
Slovakia
43%
Slovenia
43%
Vatican City
43%
Serbia
40%
Sweden
40%
United Kingdom
40%
Switzerland
38%
Ukraine
33%
Spain
31%
No matching quizzes found
Score Distribution
Percent of People with Each Score
Percentile by Number Answered
Your Score History
You have not taken this quiz